| Tag |
First Indicator |
Second Indicator |
Subfields |
| LEADER |
00000cam a2200000 4500 |
| 001 |
in00000099059 |
| 005 |
20150926125558.0 |
| 008 |
730503s1972 enkabc 00100 eng |
| 010 |
|
|
|a 73156414
|
| 015 |
|
|
|a B73-01005
|
| 020 |
|
|
|a 0853141193
|c 3.50
|
| 035 |
|
|
|a (OCoLC)00637083
|
| 035 |
|
|
|9 AAL3741AM
|
| 040 |
|
|
|a DLC
|c DLC
|d TXA
|d UtOrBLW
|
| 043 |
|
|
|a s-ec---
|
| 049 |
|
|
|a TXAM
|c [1405367]
|
| 050 |
0 |
0 |
|a F3741.A6
|b W6 1972
|
| 082 |
0 |
|
|a 918.66
|
| 100 |
1 |
|
|a Whymper, Edward,
|d 1840-1911.
|
| 245 |
1 |
0 |
|a Travels amongst the great Andes of the equator.
|
| 250 |
|
|
|a [New ed.];
|b edited and introduced by Eric Shipton.
|
| 264 |
|
1 |
|a London :
|b C. Knight,
|c 1972.
|
| 300 |
|
|
|a xxii, 214 pages, 2 leaves (1 folded) :
|b illustrations, maps, portraits ;
|c 24 cm.
|
| 336 |
|
|
|a text
|b txt
|2 rdacontent
|
| 337 |
|
|
|a unmediated
|b n
|2 rdamedia
|
| 338 |
|
|
|a volume
|b nc
|2 rdacarrier
|
| 490 |
1 |
|
|a Latin American adventure series
|
| 650 |
|
0 |
|a Mountaineering.
|
| 651 |
|
0 |
|a Andes
|x Description and travel.
|
| 651 |
|
0 |
|a Ecuador
|x Description and travel.
|
| 830 |
|
0 |
|a Latin American adventure series.
|
| 999 |
|
|
|a MARS
|
| 999 |
f |
f |
|s 6aed9247-477c-3203-861a-38aab0a269b0
|i a03d689e-de60-3a86-bb5d-4d20136df8ef
|t 0
|
| 952 |
f |
f |
|p ric
|a Texas A&M University
|b Rellis Campus
|c Joint Library Facility
|d Remote Storage
|t 0
|e F3741.A6 W6 1972
|h Library of Congress classification
|i unmediated -- volume
|m A14802375246
|
| 998 |
f |
f |
|a F3741.A6 W6 1972
|t 0
|l Remote Storage
|